Polskie miasta z rzekami o tej samej literze początkowej. - Statystyki

Ogólne statystyki
  • Ten quiz został rozwiązany 61 razy
  • Średni wynik to 4 z 11
Statystyki odpowiedzi
Odpowiedź % Poprawnych
Warszawa - Wisła
98%
Opole - Odra
69%
Bydgoszcz - Brda
43%
Wrocław - Widawa
41%
Włocławek - Wisła
35%
Nysa - Nysa Kłodzka
27%
Słupsk - Słupia
20%
Ełk - Ełk
18%
Bolesławiec - Bóbr
6%
Stalowa Wola - San
6%
Ostrołęka - Omulew
4%
Nie znaleziono quizów pasujących do podanych kryteriów
Rozkład punktacji
Procent ludzi z każdym wynikiem
Percentyl według liczby udzielonych odpowiedzi
Twoja historia wyników
Nie rozwiązałeś tego quizu